Online Catalogue and eLibrary

Sex, morality, and the law / (Record no. 294)

MARC details
000 -LEADER
fixed length control field 00702pam a2200229 a 4500
001 - CONTROL NUMBER
control field 3526508
005 - DATE AND TIME OF LATEST TRANSACTION
control field 20240206011050.0
008 - FIXED-LENGTH DATA ELEMENTS--GENERAL INFORMATION
fixed length control field 960823s1997 nyu b 001 0 eng
020 ## - INTERNATIONAL STANDARD BOOK NUMBER
ISBN 0415916356 (hb : acidfree paper)
020 ## - INTERNATIONAL STANDARD BOOK NUMBER
ISBN 0415916364 (pb : acidfree paper)
040 ## - CATALOGING SOURCE (பட்டியலாக்க மூலம்)
Original cataloging agency DLC
Transcribing agency DLC
Modifying agency DLC
082 00 - DDC Classification
Class No. 306.7
DDC Edition Number 20
245 00 - TITLE STATEMENT
Title Sex, morality, and the law /
Statement of responsibility, etc. edited by Lori Gruen and George E. Panichas.
260 ## - PUBLICATION, DISTRIBUTION, ETC.
Place of publication, distribution, etc. New York :
Name of publisher, distributor, etc. Routledge,
Date of publication, distribution, etc. 1997.
300 ## - PHYSICAL DESCRIPTION
Extent (e.g. Volumes, Pages etc.) x, 454 p. ;
650 #0 - SUBJECT ADDED ENTRY--TOPICAL TERM
Topical term or geographic name entry element Sex and law
650 #0 - SUBJECT ADDED ENTRY--TOPICAL TERM
Topical term or geographic name entry element Sexual ethics
700 1# - ADDED ENTRY--PERSONAL NAME
Personal name Gruen, Lori.
Relator term (Role) Editor
700 1# - ADDED ENTRY--PERSONAL NAME
Personal name Panichas, George E.,
Relator term (Role) Editor
856 42 - ELECTRONIC LOCATION AND ACCESS
Uniform Resource Identifier <a href="http://www.loc.gov/catdir/enhancements/fy0651/96041606-d.html">http://www.loc.gov/catdir/enhancements/fy0651/96041606-d.html</a>
942 ## - Koha item type (Biblio)
Koha item type Books in Stacks (Lending)
Holdings
Lost status Damaged status Collection code Home library Current library Date acquired Full call number Accession Number Item type
    Lending WERC Library WERC Library 02/06/2024 306.7 2921 Books in Stacks (Lending)

© WERC Library